000 00685cam a22002411 4500
001 14047
003 BD-RjUL
005 20211208235549.0
008 140203s1948 enka 000 0 eng
035 _a(BD-RjUL)14099
035 _a(OCoLC)4257297
040 _aDLC
_cNmLcU
_dNmLcU
_dDLC
_dBD-RjUL
_beng
041 _aeng
082 _a651.069
_bROM 1948
100 1 _aRoss, Elizabeth.
_943905
245 1 4 _aThe making of a personal secretary /
_cWith some illus. by Kate Hall.
260 _aLondon :
_bG. Allen and Unwin,
_c1948.
300 _a104 p. :
_bill. ;
_c19 cm.
650 0 _aPrivate secretaries.
_942163
942 _2ddc
_cBK
999 _c14047
_d14047